Sports Quiz

Random Sports or WWE Quiz

Undertaker's Wrestlemania Victories Quiz Stats

 Plays Quiz Updated Feb 16, 2020

Support Sporcle.
Go Orange.
Score 0/26 Timer 04:00
1 Play Today
Event Wrestler % Correct
WrestleMania XXVIIITriple H
94.6%
WrestleMania X-SevenTriple H
91.3%
WrestleMania 25Shawn Michaels
89.2%
WrestleMania XIVKane
88.5%
WrestleMania XXKane
88.5%
WrestleMania 34John Cena
88.4%
WrestleMania 36AJ Styles
80.4%
WrestleMania 29CM Punk
80%
WrestleMania XXVIITriple H
74.8%
WrestleMania XXXIBray Wyatt
74.7%
WrestleMania 26Shawn Michaels
74.1%
WrestleMania 32Shane McMahon
71.4%
WrestleMania XXIVEdge
70.9%
Event Wrestler % Correct
WrestleMania 21Randy Orton
70.9%
WrestleMania XIXBig Show
67%
WrestleMania 23Batista
66.7%
WrestleMania X8Ric Flair
63.9%
WrestleMania 22Mark Henry
54.6%
WrestleMania VIIJimmy 'Superfly' Snuka
54.1%
WrestleMania VIIIJake 'The Snake' Roberts
52.2%
WrestleMania IXGiant Gonzales
52%
WrestleMania XIIDiesel
51.9%
WrestleMania 13Sycho Sid
48.7%
WrestleMania XIXA-Train
46.7%
WrestleMania XVBig Boss Man
46.4%
WrestleMania XIKing Kong Bundy
43.7%

From the Vault

Bruno Mars or Ed Sheeran?

by hjckr

Music 2m
How do you even tell them apart?
Remove Ads.
Support Sporcle.
Get the best of Sporcle when you Go Orange. This ad-free experience offers more features, more stats, and more fun while also helping to support Sporcle. Thank you for becoming a member.

Show Comments

Extras

Top Quizzes Today


Score Distribution

Your Account Isn't Verified!

In order to create a playlist on Sporcle, you need to verify the email address you used during registration. Go to your Sporcle Settings to finish the process.

Report this User

Report this user for behavior that violates our Community Guidelines.

Details: